00250nam a2200109Ia 4500008004100000100001500041245002500056260002000081650001500101942000700116999001700123190216s9999||||xx |||||||||||||| ||und|| aRoy Thomas 0aEavan Ende Priya C J bSreeni Printers aOormakurip cBK c26946d26946